000 00558nam a22001697a 4500
005 20231030101941.0
008 231030b |||||||| |||| 00| 0 eng d
020 _a0702138975
041 _aEnglish
082 _a347.6 SCH
100 _aSchwikkard, PJ, Skeen ASQ and Van der Merwe, SE
_lEnglish
245 _aPrinciples of Evidence /
_cPJ Schwikkard, ASQ Skeen and SE Van der Merwe
260 _aCape Town :
_bJuta & Company Ltd,
_c1997
300 _blxii, 449 pages ;
_c25 cm.
650 _alegal practice
_bLaw
942 _cBK
_6ALISON_BN_VRIES
999 _c136
_d136